[Event "Palanga op"]
[Site "Palanga"]
[Date "2015.06.16"]
[Round "2"]
[White "Koliasnikovas, Aironas"]
[Black "Vicas, Marijus"]
[Result "0-1"]
[WhiteElo "1592"]
[BlackElo "2026"]
[PlyCount "102"]
[EventDate "2015.06.15"]
[EventType "swiss"]
[EventRounds "9"]
[EventCountry "LTU"]
[SourceTitle "CBM 167 Extra"]
[Source "ChessBase"]
[SourceDate "2015.09.14"]
[SourceVersion "1"]
[SourceVersionDate "2015.09.14"]
[SourceQuality "1"]

1. d4 Nf6 2. Nf3 g6 3. c4 Bg7 4. Nc3 d5 5. cxd5 Nxd5 6. e4 Nxc3 7. bxc3 c5 8. Be3 Nc6 9. Rc1 Qa5 10. Qd2 cxd4 11. cxd4 Qxd2+ 12. Kxd2 0-0 13. Bb5 Rd8 14. Bxc6 bxc6 15. Rhd1 Rb8 16. Ke1 Rb2 17. Rd2 Rxd2 18. Bxd2 Bg4 19. Rxc6 Bxf3 20. gxf3 Bxd4 21. Rc7 e6 22. Be3 a5 23. Rc4 Bf6 24. Bb6 Ra8 25. Ra4 Rb8 26. Bd4 Rb1+ 27. Ke2 Bxd4 28. Rxd4 Rb2+ 29. Rd2 Rb5 30. Rc2 Kg7 31. f4 Rh5 32. Ke3 Rxh2 33. Rc5 Rh5 34. Rxh5 gxh5 35. Kf3 Kf6 36. Kg3 e5 37. Kh4 exf4 38. Kxh5 Ke5 39. f3 Kd4 40. Kg4 Ke3 41. e5 a4 42. a3 h6 43. Kf5 Kxf3 44. Kf6 Ke4 45. e6 fxe6 46. Kg6 f3 47. Kh5 f2 48. Kh4 f1Q 49. Kh5 Qg2 50. Kh4 e5 51. Kh5 Qg5# 0-1

[Event "LTU-ch sf"]
[Site "Vilnius"]
[Date "2015.02.23"]
[Round "7"]
[White "Koliasnikovas, Aironas"]
[Black "Kadonas, Kestutis"]
[Result "1/2-1/2"]
[WhiteElo "1518"]
[BlackElo "1823"]
[PlyCount "104"]
[EventDate "2015.02.18"]
[EventType "swiss"]
[EventRounds "8"]
[EventCountry "LTU"]
[SourceTitle "CBM 165 Extra"]
[Source "ChessBase"]
[SourceDate "2015.04.21"]
[SourceVersion "1"]
[SourceVersionDate "2015.04.21"]
[SourceQuality "1"]

1. d4 d6 2. c4 g6 3. Nc3 Nf6 4. e4 Bg7 5. Be2 0-0 6. g4 Nbd7 7. g5 Ne8 8. h4 c5 9. d5 a6 10. f4 f5 11. exf5 Rxf5 12. Bd3 Rf7 13. h5 Nf8 14. Nge2 e5 15. Qc2 exf4 16. Bxf4 Rxf4 17. Nxf4 Qxg5 18. Nfe2 Nf6 19. Qd2 Qe5 20. hxg6 hxg6 21. 0-0-0 Ng4 22. Rdf1 b5 23. Qf4 Bh6 24. Rxh6 Qxf4+ 25. Rxf4 Nxh6 26. cxb5 axb5 27. Bxb5 Nf5 28. Bd3 Ba6 29. Bxf5 gxf5 30. Ng3 Bd3 31. Rf3 Be4 32. Ngxe4 fxe4 33. Re3 Kf7 34. Rxe4 Ra6 35. a3 Ng6 36. Kc2 Ne5 37. Nb5 Ke7 38. Nc7 Ra7 39. Ne6 Ra5 40. Nf4 Rb5 41. a4 Ra5 42. Ng6+ Kf6 43. Nxe5 dxe5 44. b3 Kf5 45. Rh4 Ra8 46. Kc3 e4 47. Kc4 Rc8 48. d6 e3 49. Kd3 Rb8 50. Kxe3 Rxb3+ 51. Kd2 Ke6 52. Rh6+ Kd7 1/2-1/2

[Event "LTU-ch sf"]
[Site "Vilnius"]
[Date "2015.02.21"]
[Round "4"]
[White "Koliasnikovas, Aironas"]
[Black "Zukauskas, Petras"]
[Result "1-0"]
[WhiteElo "1518"]
[BlackElo "1782"]
[PlyCount "117"]
[EventDate "2015.02.18"]
[EventType "swiss"]
[EventRounds "8"]
[EventCountry "LTU"]
[SourceTitle "CBM 165 Extra"]
[Source "ChessBase"]
[SourceDate "2015.04.21"]
[SourceVersion "1"]
[SourceVersionDate "2015.04.21"]
[SourceQuality "1"]

1. d4 c5 2. d5 Nf6 3. c4 e5 4. Nc3 d6 5. e4 g6 6. Nge2 Bg7 7. Ng3 0-0 8. Be2 Ne8 9. 0-0 f5 10. f4 exf4 11. Bxf4 Bd4+ 12. Kh1 g5 13. Bd2 f4 14. Nh5 Nd7 15. Rb1 Ne5 16. Nb5 Nf6 17. Nxf6+ Qxf6 18. Nxd4 cxd4 19. Bc1 Ng6 20. b3 Re8 21. Bb2 Rxe4 22. Bf3 Re7 23. Bxd4 Qf7 24. Bg4 b6 25. Bxc8 Rxc8 26. Qg4 Rce8 27. Qxg5 Re4 28. Bc3 a5 29. Rfe1 Re2 30. Rxe2 Rxe2 31. Qd8+ Re8 32. Qxb6 f3 33. Qf2 fxg2+ 34. Qxg2 Qf5 35. Rf1 Qd3 36. Qf3 Qxf3+ 37. Rxf3 Re2 38. a4 Nh4 39. Rg3+ Kf8 40. Bxa5 Rb2 41. h3 Rb1+ 42. Kh2 Rb2+ 43. Kg1 Rb1+ 44. Kf2 Kf7 45. Ke2 Nf5 46. Rf3 Kg6 47. Bb6 Rb2+ 48. Kd1 Nh4 49. Kc1 Ra2 50. Rf2 Ra1+ 51. Kb2 Re1 52. a5 Re8 53. b4 Nf5 54. a6 Ne7 55. Re2 Kf7 56. Bc7 Nc8 57. Rxe8 Kxe8 58. b5 Kd7 59. b6 1-0